The modern Middle East : (Record no. 122467)
[ view plain ]
| 000 -LEADER | |
|---|---|
| fixed length control field | 02351nam a2200445 i 4500 |
| 001 - CONTROL NUMBER | |
| control field | ebr10763646 |
| 003 - CONTROL NUMBER IDENTIFIER | |
| control field | CaPaEBR |
| 006 - FIXED-LENGTH DATA ELEMENTS--ADDITIONAL MATERIAL CHARACTERISTICS--GENERAL INFORMATION | |
| fixed length control field | m o d |
| 007 - PHYSICAL DESCRIPTION FIXED FIELD--GENERAL INFORMATION | |
| fixed length control field | cr cn||||||||| |
| 008 - FIXED-LENGTH DATA ELEMENTS--GENERAL INFORMATION | |
| fixed length control field | 130524t20132013caua ob 001 0 eng|d |
| 020 ## - INTERNATIONAL STANDARD BOOK NUMBER | |
| Cancelled/invalid ISBN | 9780520277809 (cloth : acid-free paper) |
| Cancelled/invalid ISBN | 9780520277816 |
| International Standard Book Number | 9780520956858 (e-book) |
| 040 ## - CATALOGING SOURCE | |
| Original cataloging agency | CaPaEBR |
| Language of cataloging | eng |
| Description conventions | rda |
| -- | pn |
| Transcribing agency | CaPaEBR |
| 035 ## - SYSTEM CONTROL NUMBER | |
| System control number | (OCoLC)861535343 |
| 043 ## - GEOGRAPHIC AREA CODE | |
| Geographic area code | aw----- |
| 050 14 - LIBRARY OF CONGRESS CALL NUMBER | |
| Classification number | DS62.8 |
| Item number | .K366 2013eb |
| 082 04 - DEWEY DECIMAL CLASSIFICATION NUMBER | |
| Classification number | 956.04 |
| Edition number | 23 |
| 100 1# - MAIN ENTRY--PERSONAL NAME | |
| Personal name | Kamrava, Mehran, |
| Dates associated with a name | 1964- |
| 245 14 - TITLE STATEMENT | |
| Title | The modern Middle East : |
| Remainder of title | a political history since the First World War / |
| Statement of responsibility, etc | Mehran Kamrava. |
| 250 ## - EDITION STATEMENT | |
| Edition statement | Third edition. |
| 264 #1 - PRODUCTION, PUBLICATION, DISTRIBUTION, MANUFACTURE, AND COPYRIGHT NOTICE | |
| Place of production, publication, distribution, manufacture | Berkeley : |
| Name of producer, publisher, distributor, manufacturer | University of California Press, |
| Date of production, publication, distribution, manufacture, or copyright notice | [2013] |
| Date of production, publication, distribution, manufacture, or copyright notice | �2013 |
| 300 ## - PHYSICAL DESCRIPTION | |
| Extent | 1 online resource (572 pages) : |
| Other physical details | illustrations, maps |
| 336 ## - CONTENT TYPE | |
| Content type term | text |
| Source | rdacontent |
| 337 ## - MEDIA TYPE | |
| Media type term | computer |
| Source | rdamedia |
| 338 ## - CARRIER TYPE | |
| Carrier type term | online resource |
| Source | rdacarrier |
| 504 ## - BIBLIOGRAPHY, ETC. NOTE | |
| Bibliography, etc | Includes bibliographical references and index. |
| 505 0# - FORMATTED CONTENTS NOTE | |
| Formatted contents note | Part I. A political history of the Middle East -- From Islam to the Great War -- From territories to independent states -- The age of nationalism -- The Arab-Israel wars -- The Iranian revolution -- The Gulf wars and beyond -- Part II. Issues in Middle Eastern politics -- States and their opponents -- Repression and rebellion -- The Palestinian-Israeli conflict -- The challenge of economic development -- Challenges facing the Middle East. |
| 588 ## - SOURCE OF DESCRIPTION NOTE | |
| Source of description note | Description based on print version record. |
| 590 ## - LOCAL NOTE (RLIN) | |
| Local note | Electronic reproduction. Palo Alto, Calif. : ebrary, 2013. Available via World Wide Web. Access may be limited to ebrary affiliated libraries. |
| 651 #0 - SUBJECT ADDED ENTRY--GEOGRAPHIC NAME | |
| Geographic name | Middle East |
| General subdivision | History |
| Chronological subdivision | 20th century. |
| Geographic name | Middle East |
| General subdivision | History |
| Chronological subdivision | 21st century. |
| Geographic name | Middle East |
| General subdivision | Politics and government |
| Chronological subdivision | 20th century. |
| Geographic name | Middle East |
| General subdivision | Politics and government |
| Chronological subdivision | 21st century. |
| 655 #0 - INDEX TERM--GENRE/FORM | |
| Genre/form data or focus term | Electronic books. |
| 776 08 - ADDITIONAL PHYSICAL FORM ENTRY | |
| Display text | Print version: |
| Main entry heading | Kamrava, Mehran. |
| Title | Modern Middle East : a political history since the First World War. |
| Place, publisher, and date of publication | Berkeley : University of California Press, [2013] |
| Physical description | xix, 550 pages |
| International Standard Book Number | 9780520277816 |
| Record control number | (DLC) 2013018594 |
| 797 2# - LOCAL ADDED ENTRY--CORPORATE NAME (RLIN) | |
| Corporate name or jurisdiction name as entry element | ebrary. |
| 856 40 - ELECTRONIC LOCATION AND ACCESS | |
| Uniform Resource Identifier | <a href="http://site.ebrary.com/lib/rucke/Doc?id=10763646">http://site.ebrary.com/lib/rucke/Doc?id=10763646</a> |
| Public note | An electronic book accessible through the World Wide Web; click to view |
No items available.
